福岡県の市区町村(1968年) - Statistics

General Stats
  • This quiz has been taken 36 times
  • The average score is 57 of 103
Answer Stats
コード 市区町村 備考 % Correct
40201 福岡市 1972年政令指定
95%
40202 大牟田市
79%
40203 久留米市
79%
40205 飯塚市
79%
40206 田川市
79%
40101 北九州市門司区
74%
40102 北九州市小倉区 1974年分割
74%
40103 北九州市若松区
74%
40104 北九州市八幡区 1974年分割
74%
40105 北九州市戸畑区
74%
40208 山田市 2006年消滅
74%
40209 甘木市 2006年消滅
74%
40210 八女市
74%
40211 筑後市
74%
40212 大川市
74%
40213 行橋市
74%
40215 中間市
74%
40204 直方市
68%
40207 柳川市
68%
40341 糟屋郡宇美町
68%
40342 糟屋郡篠栗町
68%
40343 糟屋郡志免町
68%
40344 糟屋郡須恵町
68%
40345 糟屋郡新宮町
68%
40347 糟屋郡古賀町 1997年昇格
68%
40349 糟屋郡粕屋町
68%
40214 豊前市
63%
40302 筑紫郡太宰府町 1982年昇格
63%
40303 筑紫郡春日町 1972年昇格
63%
40304 筑紫郡大野町 1972年昇格
63%
40305 筑紫郡那珂川町 2018年昇格
63%
40361 宗像郡宗像町 1981年昇格
63%
40483 浮羽郡浮羽町 2005年消滅
63%
40301 筑紫郡筑紫野町 1972年昇格
58%
40348 糟屋郡久山町
58%
40362 宗像郡福間町 2005年消滅
58%
40363 宗像郡津屋崎町 2005年消滅
58%
40365 宗像郡大島村 2005年消滅
58%
40381 遠賀郡芦屋町
58%
40382 遠賀郡水巻町
58%
40383 遠賀郡岡垣町
58%
40384 遠賀郡遠賀町
58%
40401 鞍手郡小竹町
58%
40402 鞍手郡鞍手町
58%
40461 糸島郡前原町 1992年昇格
58%
40463 糸島郡志摩町 2010年消滅
58%
40482 浮羽郡田主丸町 2005年消滅
58%
40503 三井郡大刀洗町
58%
40522 三潴郡大木町
58%
40546 八女郡星野村 2010年消滅
58%
40602 田川郡添田町
58%
40605 田川郡川崎町
58%
40621 京都郡苅田町
58%
40403 鞍手郡宮田町 2006年消滅
53%
40404 鞍手郡若宮町 2006年消滅
53%
40426 嘉穂郡穂波町 2006年消滅
53%
40442 朝倉郡朝倉町 2006年消滅
53%
40444 朝倉郡夜須町 2005年消滅
53%
40462 糸島郡二丈町 2010年消滅
53%
40481 浮羽郡吉井町 2005年消滅
53%
40502 三井郡小郡町 1972年昇格
53%
40544 八女郡広川町
53%
40545 八女郡矢部村 2010年消滅
53%
40561 山門郡瀬高町 2007年消滅
53%
40601 田川郡香春町
53%
40604 田川郡糸田町
53%
40609 田川郡赤村
53%
40421 嘉穂郡桂川町
47%
40443 朝倉郡三輪町 2005年消滅
47%
40445 朝倉郡小石原村 2005年消滅
47%
40446 朝倉郡宝珠山村 2005年消滅
47%
40541 八女郡黒木町 2010年消滅
47%
40603 田川郡金田町 2006年消滅
47%
40608 田川郡大任町
47%
40642 築上郡吉富町
47%
40643 築上郡築城町 2006年消滅
47%
40644 築上郡新吉富村 2005年消滅
47%
40346 糟屋郡志賀町 1971年消滅
42%
40364 宗像郡玄海町 2003年消滅
42%
40422 嘉穂郡稲築町 2006年消滅
42%
40424 嘉穂郡嘉穂町 2006年消滅
42%
40441 朝倉郡杷木町 2006年消滅
42%
40501 三井郡北野町 2005年消滅
42%
40521 三潴郡城島町 2005年消滅
42%
40523 三潴郡三潴町 2005年消滅
42%
40543 八女郡立花町 2010年消滅
42%
40562 山門郡大和町 2005年消滅
42%
40563 山門郡三橋町 2005年消滅
42%
40564 山門郡山川村 1969年昇格
42%
40622 京都郡犀川町 2006年消滅
42%
40623 京都郡勝山町 2006年消滅
42%
40624 京都郡豊津町 2006年消滅
42%
40641 築上郡椎田町 2006年消滅
42%
40423 嘉穂郡碓井町 2006年消滅
37%
40425 嘉穂郡筑穂町 2006年消滅
37%
40427 嘉穂郡庄内町 2006年消滅
37%
40542 八女郡上陽町 2006年消滅
37%
40581 三池郡高田町 2007年消滅
37%
40606 田川郡赤池町 2006年消滅
37%
40645 築上郡大平村 2005年消滅
37%
40607 田川郡方城町 2006年消滅
32%
40321 早良郡早良町 1975年消滅
26%
40428 嘉穂郡頴田町 2006年消滅
16%
No matching quizzes found
Score Distribution
Percent of People with Each Score
Percentile by Number Answered
Your Score History
You have not taken this quiz